|
|
|
|
| LEADER |
00000cam a2200000 7i4500 |
| 001 |
0000031090 |
| 005 |
20250724.0 |
| 008 |
250724 my may |
| 020 |
|
|
|a 9789670468884[paperback] ,
|c hadiah
|
| 040 |
|
|
|a INS
|b eng
|c INS
|e rda
|
| 041 |
0 |
|
|a Mal
|
| 090 |
0 |
0 |
|a TD194.68.M4
|b S46 2015
|
| 100 |
0 |
|
|a Seow,ta Wee ,
|e author
|
| 245 |
0 |
0 |
|a PENILAIAN IMPAK ALAM SEKELILING DAN PEMBANGUNAN PERUMAHAN DI LERENG BUKIT
|c SEOW TA WEE,MOHD NOH DALIMIN,MADYA HERAWATI AHMAD
|
| 264 |
|
0 |
|a @2014
|
| 264 |
|
0 |
|a Batu Pahat :
|b Penerbit UTHM
|c (2014)
|
| 300 |
|
|
|a xvi,266 pages ;
|c 23cm.
|
| 336 |
|
|
|a text
|2 rdacontent
|
| 337 |
|
|
|a unmediated
|2 rdamedia
|
| 338 |
|
|
|a Volume
|2 rdacarrier
|
| 504 |
|
|
|a Includes bibliographical references and index
|
| 650 |
|
0 |
|a Building dan property
|z Malaysia
|
| 650 |
|
0 |
|a Property Venua
|z Malaysia
|
| 700 |
0 |
|
|a Madya Herawati Ahmad ,
|e author
|
| 700 |
0 |
|
|a Mohd Noh Dalimin ,
|e author
|
| 999 |
|
|
|a 0000025194
|b BOOK
|c Open Shelf
|e Default branch
|